00264 a2200109 4500001000700000020000600007040001100013100002400024240005100048245004600099362000900145180415 a  cMagnum aRibeiro, Lourdes E.10aO real do construtivismo vol.1 / 3 edicaolpor10aO real do construtivismo vol.1 / 3 edicao0 a1899